The golden age of promiscuity /

সংরক্ষণ করুন:
গ্রন্থ-পঞ্জীর বিবরন
প্রধান লেখক: Gooch, Brad (লেখক)
বিন্যাস: গ্রন্থ
ভাষা:ইংরেজি
প্রকাশিত: New York : Hard Candy Books, 1997
ট্যাগগুলো: ট্যাগ যুক্ত করুন
কোনো ট্যাগ নেই, প্রথমজন হিসাবে ট্যাগ করুন!

MARC

LEADER 00000nam a22000007i 4500
001 IT\ICCU\UBO\2259665
003 ItRI
005 20260115231835.0
008 030729s1997 xxu|||||| ||||| |||||c
020 |a 1563335506 
040 |b ita  |c importazione bologna sebina 
041 7 |a eng  |2 ISO-639-2 
100 1 |a Gooch, Brad  |0 IT\ICCU\UBOV\817378  |4 aut 
245 1 4 |a The golden age of promiscuity /  |c Brad Gooch. 
260 |a New York :  |b Hard Candy Books,  |c 1997 
300 |a 301 p. ;  |c 18 cm. 
942 |2 ddc  |c BK  |n 0 
952 |0 0  |1 0  |4 0  |6 DOC_813_540000000000000_GOO  |7 0  |9 13954  |a BO  |b BO  |d 2026-01-15  |i 7583  |l 0  |o DOC 813.54 GOO  |p BO7583  |r 2026-01-15 23:18:35  |w 2026-01-15  |x [Sebina 5] [1 v.]  |y BK  |z 1 v. 
999 |c 12014  |d 12014